Administración pública y libertad (Registro nro. 30213)
[ vista simple ]
| 000 -ENCABEZADO | |
|---|---|
| Número de control [NR] | 00742nam a2200205Ia 4500 |
| 008 - DE LONGITUD FIJA DE DATOS DE ELEMENTOS - INFORMACIÓN GENERAL | |
| Elementos de longitud fija [NR] | 130821s1971 mx gr spa |
| 040 ## - FUENTE DE CATALOGACION [NR] | |
| Agencia de catalogación original [NR] | Co-BoUCM |
| Idioma de catalogación [NR] | spa |
| 041 00 - CODIGO DE IDIOMA [R] | |
| Código de idioma para texto/pista de sonido o título separado [R] | Español |
| 100 1# - ASIENTO PRINCIPAL--NOMBRE PERSONAL [NR] | |
| Nombre personal [NR] | González Pérez, Jesús |
| Fechas asociadas con el nombre [NR] | 1924- |
| ID Autoridad | 114516 |
| 245 10 - MENCION DE TITULO [NR] | |
| Título [NR] | Administración pública y libertad |
| Mención de responsabilidad, etc. [NR] | Jesús González Pérez |
| 260 ## - PUBLICACION, DISTRIBUCION, ETC. (PIE DE IMPRENTA) [R] | |
| Lugar de publicación, distribución, etc. [R] | México D.F. (México) |
| Nombre del editor, distribuidor, etc. [R] | Universidad Nacional Autónoma de México |
| Fecha de publicación, distribución, etc. [R] | 1971 |
| 300 ## - DESCRIPCION FISICA [R] | |
| Extensión [R] | 92 páginas |
| 504 ## - NOTA DE BIBLIOGRAFIA, ETC. [R] | |
| Nota de bibliografía, etc. [NR] | |
| 650 04 - ASIENTO SECUNDARIO DE MATERIA - TERMINO TEMATICO [R] | |
| Término temático o nombre geográfico como elemento de entrada [NR] | Administración pública |
| 9 (RLIN) | 355 |
| 650 04 - ASIENTO SECUNDARIO DE MATERIA - TERMINO TEMATICO [R] | |
| Término temático o nombre geográfico como elemento de entrada [NR] | Libertad (Derecho) |
| Subdivisión geográfica [R] | México |
| 9 (RLIN) | 123201 |
| 650 04 - ASIENTO SECUNDARIO DE MATERIA - TERMINO TEMATICO [R] | |
| Término temático o nombre geográfico como elemento de entrada [NR] | Proceso (Derecho) |
| Subdivisión geográfica [R] | México |
| 9 (RLIN) | 123202 |
| 651 ## - ASIENTO SECUNDARIO DE MATERIA - NOMBRE GEOGRAFICO [R] | |
| Nombre geográfico [NR] | México |
| Subdivisión general [R] | Administración pública |
| 9 (RLIN) | 26656 |
| 942 ## - ELEMENTOS DE ENTRADA AGREGADOS (KOHA) | |
| Tipo de ítem principal el descrito en 300a | Libro |
| Tema principal | Administración |
| Edición | 1 |
| Parte restante de la signatura top. | G643a |
| Título oculto en OPAC | No |
| Sistema de clasificación | DEWEY |
| Clasificación | 350 |
| Total préstamos | Signatura topográfica | Código de barras | Última vez visto | Ejemplar | Price effective from | Tipo de ítem | Perdido | Sistema de clasificación | Dañado | No prestable | Tipo de ítem específico | Suprimido | Ubicación habitual | Ubicación actual | Localización | Fecha de creación | Forma de adquisición | Costo | Costo de reposición | Proveedor |
|---|---|---|---|---|---|---|---|---|---|---|---|---|---|---|---|---|---|---|---|---|
| 350 G643a | 100014555 | 08/06/2012 | Ej.1 | 03/02/2013 | Libro | DEWEY | Libro | Bodega | Bodega | Préstamo 4 días después de solicitado | 28/02/2003 | Donación | 2000.00 | |||||||
| 350 G643a | 100160593 | 06/12/2024 | Ej.2 | 20/05/2019 | Libro | DEWEY | Libro | BodegaJK | Claustro | Préstamo 2 días después de solicitado | 20/05/2019 | Donación | 0.00 | 26000.00 | 12 |